00744nam a2200229 i 4500001000700000003000900007005001700016007000300033008004100036080001600077100002700093245005400120250001200174260003600186300002200222490002300244650003900267830003100306852003200337999001900369952012600388147021ES-MaACL20230906201754.0t|070920s1959 sp ||||1| spa d a621.396.2161 aDarkness, R. J.94273110aFrecuencia modulada / cR.J. de Darkness [seud.]. a1ª ed. aBarcelona : bBruguera, c1959. a223 p. ; c19 cm.1 aTécnica al día14aModulación de frecuencia.9151350 aTécnica al día9187437 aES-MaACLjC-16314 bR.44217 c147021d147021 00104070aATENEOMbATENEOMcGaleríad2008-01-17eSCl0oC-16314p1153434r2023-02-23 00:00:00w2023-02-23yMONOGRAFIA